NFL 2010s Yardage Leaders - Statistics

General Stats
  • This quiz has been taken 458 times
  • The average score is 27 of 45
Answer Stats
Category Yards Player % Correct
Passing Yards 43727 Tom Brady
99%
Passing Yards 46770 Drew Brees
94%
Passing Yards 38379 Eli Manning
93%
Receiving Yards 12125 Julio Jones
88%
Passing Yards 38145 Aaron Rodgers
86%
Passing Yards 44320 Philip Rivers
85%
Receiving Yards 11263 Antonio Brown
84%
Receiving Yards 8548 Calvin Johnson
84%
Rushing Yards 6417 Chris Johnson
83%
Passing Yards 44830 Matt Ryan
83%
Passing Yards 37243 Ben Roethlisberger
82%
Rushing Yards 9732 Adrian Peterson
79%
Passing Yards 38758 Matthew Stafford
73%
Passing Yards 27039 Alex Smith
71%
Passing Yards 29734 Russell Wilson
69%
Rushing Yards 9786 Frank Gore
68%
Receiving Yards 7861 Rob Gronkowski
67%
Rushing Yards 10434 LeSean McCoy
66%
Passing Yards 29041 Cam Newton
64%
Passing Yards 33483 Joe Flacco
64%
Receiving Yards 10016 Larry Fitzgerald
62%
Passing Yards 31594 Andy Dalton
61%
Rushing Yards 7812 Marshawn Lynch
61%
Receiving Yards 9763 Demaryius Thomas
60%
Receiving Yards 8907 A.J. Green
56%
Rushing Yards 7174 DeMarco Murray
55%
Passing Yards 27523 Carson Palmer
54%
Receiving Yards 8602 DeAndre Hopkins
54%
Receiving Yards 8352 DeSean Jackson
54%
Rushing Yards 6125 Le’Veon Bell
52%
Rushing Yards 5405 Ezekiel Elliott
45%
Rushing Yards 6086 Jamaal Charles
44%
Receiving Yards 8598 T.Y. Hilton
41%
Rushing Yards 6270 Arian Foster
40%
Receiving Yards 7901 Jordy Nelson
40%
Passing Yards 28782 Ryan Fitzpatrick
40%
Receiving Yards 7893 Emmanuel Sanders
39%
Receiving Yards 8332 Brandon Marshall
36%
Rushing Yards 7629 Matt Forte
36%
Rushing Yards 7025 Mark Ingram
34%
Receiving Yards 7883 Jimmy Graham
32%
Rushing Yards 6306 LeGarrette Blount
27%
Rushing Yards 5935 Alfred Morris
19%
Receiving Yards 7890 Golden Tate
18%
Rushing Yards 5864 Lamar Miller
14%
No matching quizzes found
Score Distribution
Percent of People with Each Score
Percentile by Number Answered
Your Score History
You have not taken this quiz